at home and at school : English for today book one
Tallennettuna:
| Aineistotyyppi: | Kirja |
|---|---|
| Julkaistu: |
NY. :
MCgrawhill.
1962
|
| Painos: | Revised edition |
| Aiheet: | |
| Tagit: |
Lisää tagi
Ei tageja, Lisää ensimmäinen tagi!
|
| Thư viện lưu trữ: | Mạng thư viện Đại học Đà Nẵng |
|---|
| LEADER | 00840nam a22002531a 4500 | ||
|---|---|---|---|
| 001 | 000038047 | ||
| 003 | 14342 | ||
| 005 | 20220817161207.0 | ||
| 008 | 160412s1962 000 | ||
| 082 | |a 420 |a AT-H | ||
| 245 | 0 | |a at home and at school : |b English for today |n book one | |
| 250 | |a Revised edition | ||
| 260 | |c 1962 |a NY. : |b MCgrawhill. | ||
| 300 | |a 167tr. ; |c 18cm. | ||
| 653 | |a English for today |a at home | ||
| OWN | |a LNN | ||
| AVA | |a UDN50 |b LNN |c English |d 420AT-H |e available |t Error 5001 Not defined in file expand_doc_bib_avail. |f 1 |g 0 |h N |i 0 |j AN | ||
| 999 | |a From the UDN01 | ||
| AVA | |a UDN50 |b LNN |c English |d 420AT-H |e available |t Error 5001 Not defined in file expand_doc_bib_avail. |f 1 |g 0 |h N |i 0 |j AN | ||
| TYP | |a Monograph | ||
| 980 | |a Mạng thư viện Đại học Đà Nẵng | ||